Spot the Countries #1 - Statistics

General Stats
  • This quiz has been taken 619 times
  • The average score is 2 of 5
Answers on the Map
Answers color-coded by a green-red scale on the quiz's map according to % correct below.
 
Answer Stats
Answer % Correct
Spain
87%
Sudan
43%
Panama
26%
Malta
24%
Kuwait
15%
No matching quizzes found
Score Distribution
Percent of People with Each Score
Percentile by Number Answered
Your Score History
You have not taken this quiz